[Event "52nd Groningen Open"]
[Site "Groningen NED"]
[Date "2014.12.28"]
[Round "7.17"]
[White "Sreeves, Clement"]
[Black "Nakar, Eylon"]
[Result "1/2-1/2"]
[BlackTitle "IM"]
[WhiteElo "2284"]
[BlackElo "2419"]
[WhiteFideId "2402564"]
[BlackFideId "2811111"]
[EventDate "2014.12.21"]

1. c4 Nf6 2. g3 e5 3. Bg2 d5 4. cxd5 Nxd5 5. Nc3 Nb6 6. Nf3 Nc6 7. O-O Be7 8. d3
O-O 9. Be3 Re8 10. Rc1 Bg4 11. Ne4 Nd4 12. Bxd4 exd4 13. Nc5 Bxc5 14. Rxc5 Qd6
15. Rc2 Re7 16. Ng5 c6 17. Ne4 Qg6 18. h3 Bf5 19. Qd2 Nd5 20. Rc4 Nf6 21. Rxd4
Nxe4 22. dxe4 Bxe4 23. Qb4 c5 24. Qxc5 Ree8 25. Rd6 Qf5 26. Qxf5 Bxf5 27. e3 Re7
28. Rfd1 g6 29. g4 Be6 30. a3 Kg7 31. Kh2 Rc8 32. Kg3 Rc5 33. h4 Rec7 34. Bd5
Bxd5 35. R1xd5 Rxd5 36. Rxd5 Rc2 37. b4 Rc3 38. a4 Rb3 39. Rd4 Kf6 40. Kf4 Rb2
41. g5+ Ke6 42. Kf3 a6 43. Re4+ Kd6 44. Rf4 Ke7 45. Kg4 b6 46. Kf3 Ra2 47. Rf6
Rxa4 48. Rxb6 a5 49. bxa5 Rxa5 50. Rb8 h6 51. gxh6 Rh5 52. Rh8 Rxh4 53. Kg3 Rh1
54. e4 Kf6 55. f4 g5 56. f5 Rh4 57. Kf3 Rh3+ 58. Kf2 Ke5 59. Kg2 Rh4 60. Kf3
Rf4+ 61. Kg3 Rh4 62. h7 Kf6 63. e5+ Kxf5 64. e6 Kf6 65. exf7 Kxf7 66. Rg8 Rxh7
67. Rxg5 Rg7 68. Rxg7+ Kxg7 1/2-1/2

[Event "52nd Groningen Open"]
[Site "Groningen NED"]
[Date "2014.12.28"]
[Round "7.18"]
[White "Beukema, Stefan"]
[Black "Kerigan, Demre"]
[Result "0-1"]
[WhiteTitle "FM"]
[BlackTitle "FM"]
[WhiteElo "2364"]
[BlackElo "2277"]
[WhiteFideId "1024523"]
[BlackFideId "6307841"]
[EventDate "2014.12.21"]

1. b4 e5 2. Bb2 Bxb4 3. f4 exf4 4. Bxg7 Qh4+ 5. g3 fxg3 6. Bg2 gxh2+ 7. Kf1
hxg1=Q+ 8. Kxg1 Qg5 9. Bxh8 d5 10. Rxh7 Ne7 11. e4 Be6 12. Qh5 Qxh5 13. Rxh5
dxe4 14. Bc3 Bd6 15. Bxe4 Nd7 16. Bxb7 Rb8 17. Bf3 Ng6 18. d3 Nde5 19. Be4 Ke7
20. d4 Rg8 21. dxe5 Nf4+ 22. Kh2 Bc5 23. Rh4 Ne2 24. Bf3 Bf2 25. Bb4+ c5 26.
Bxc5+ Bxc5 27. Bxe2 Bg1+ 28. Kh1 Bd5+ 0-1

[Event "52nd Groningen Open"]
[Site "Groningen NED"]
[Date "2014.12.28"]
[Round "7.19"]
[White "Chu, Wei Chao"]
[Black "Mohammad, Nubairshah Shaikh"]
[Result "1-0"]
[WhiteTitle "IM"]
[WhiteElo "2361"]
[BlackElo "2275"]
[WhiteFideId "8605661"]
[BlackFideId "5053196"]
[EventDate "2014.12.21"]

1. d4 d5 2. c4 c6 3. Nf3 Nf6 4. Nc3 dxc4 5. e4 b5 6. e5 Nd5 7. a4 e6 8. Ng5 Be7
9. h4 h6 10. Nge4 b4 11. Nb1 Ba6 12. Nbd2 c3 13. Nc4 Bxc4 14. Bxc4 cxb2 15. Bxb2
a5 16. Qg4 g6 17. h5 g5 18. O-O Nd7 19. Bb3 Rc8 20. f4 gxf4 21. Qg7 Rf8 22. Qxh6
Qb6 23. Kh1 Kd8 24. Nd6 Bxd6 25. exd6 Qb8 26. Bxd5 cxd5 27. Qxf4 Rc6 28. Rac1
Qxd6 29. Rxc6 Qxc6 30. Rc1 Qa6 31. Qh4+ f6 32. Re1 Qd3 33. h6 Rg8 34. Bc1 Ke7
35. Kg1 Qf5 36. Qh2 Qc2 37. Qh3 Nf8 38. Bf4 b3 39. Rc1 Qe4 40. h7 Rh8 41. Qg3
Qxh7 42. Bd6+ Kd8 43. Qc3 Qd7 44. Qxa5+ Ke8 45. Qa8+ Kf7 46. Rc7 Qxc7 47. Bxc7
Rh4 48. Bd6 b2 49. Qxf8+ Kg6 50. Qb8 Rxd4 51. Qxb2 Rxa4 52. Be7 Rf4 53. Qb8 Kg5
54. g3 Rg4 55. Qe5+ 1-0

[Event "52nd Groningen Open"]
[Site "Groningen NED"]
[Date "2014.12.28"]
[Round "7.20"]
[White "Pijpers, Arthur"]
[Black "Wempe, Joost"]
[Result "1-0"]
[WhiteElo "2355"]
[BlackElo "2262"]
[WhiteFideId "1019554"]
[BlackFideId "1005502"]
[EventDate "2014.12.21"]

1. e4 e6 2. d4 d5 3. Nc3 Nf6 4. e5 Nfd7 5. f4 c5 6. Nf3 Nc6 7. Be3 Be7 8. Qd2 b6
9. Bb5 Bb7 10. O-O-O a6 11. Bxc6 Bxc6 12. f5 h6 13. g4 c4 14. Ne2 b5 15. Nf4 Nf8
16. Nh5 b4 17. Kb1 c3 18. Qf2 Rg8 19. f6 gxf6 20. exf6 Bd6 21. Bxh6 cxb2 22.
Ng7+ Kd7 23. Ng5 Bb5 24. Nxf7 Qa5 25. Nxd6 Kxd6 26. Qg3+ Kd7 27. Kxb2 Rc8 28.
Ra1 Rc3 29. Qb8 Qa3+ 30. Kb1 Rxc2 31. Qe8+ Kc7 32. Bf4+ Kb6 33. Qd8+ Kb7 34.
Qb8+ Kc6 35. Qc7# 1-0

[Event "52nd Groningen Open"]
[Site "Groningen NED"]
[Date "2014.12.28"]
[Round "7.21"]
[White "Burcu, Cagatay"]
[Black "Hoeksema, Hendrik Pieter"]
[Result "1/2-1/2"]
[BlackTitle "IM"]
[WhiteElo "2149"]
[BlackElo "2342"]
[WhiteFideId "6310630"]
[BlackFideId "1000454"]
[EventDate "2014.12.21"]

1. d4 Nf6 2. c4 g6 3. Nc3 Bg7 4. e4 O-O 5. Be3 d6 6. f3 Nbd7 7. Qd2 a6 8. Nge2
c5 9. d5 b5 10. cxb5 axb5 11. Nxb5 Ba6 12. Nec3 Qa5 13. Be2 Rfb8 14. a4 Bxb5 15.
Bxb5 Rxb5 16. Nxb5 Qxb5 17. axb5 Rxa1+ 18. Ke2 Rxh1 19. Qa5 Rxh2 20. Qd8+ Bf8
21. Kf1 Rh1+ 22. Bg1 g5 23. g4 Rh6 24. Kg2 Rg6 25. Be3 e5 26. Bd2 h6 27. b4 Kh7
28. bxc5 dxc5 29. Qc7 c4 30. d6 Rg8 31. b6 Bg7 32. Bc3 Re8 33. b7 Bf8 34. Kf2
Kg6 35. Ke2 Rb8 36. Bb4 h5 37. gxh5+ Kxh5 38. Kd1 Kg6 39. Kc2 Bh6 40. Qc8 Bf8
41. Bc5 Rxb7 42. Qxb7 Nxc5 43. Qc8 Ncd7 44. Qc7 Kg7 45. Qc6 Kg6 46. Qc7 1/2-1/2

[Event "52nd Groningen Open"]
[Site "Groningen NED"]
[Date "2014.12.28"]
[Round "7.22"]
[White "Mollema, Thomas"]
[Black "Von Meijenfeldt, Bart"]
[Result "1/2-1/2"]
[BlackTitle "FM"]
[WhiteElo "2136"]
[BlackElo "2326"]
[WhiteFideId "1034987"]
[BlackFideId "1032259"]
[EventDate "2014.12.21"]

1. e4 e6 2. d3 c5 3. g3 g6 4. Bg2 Bg7 5. f4 d5 6. e5 f6 7. exf6 Nxf6 8. Nf3 O-O
9. O-O Nc6 10. c3 d4 11. Re1 Nd5 12. Qb3 dxc3 13. bxc3 Ndb4 14. Be3 Na5 15. Qa4
Nxd3 16. Rd1 Nb2 17. Rxd8 Nxa4 18. Rxf8+ Kxf8 19. Nbd2 Bd7 20. Nb3 Bxc3 21. Rd1
Bc6 22. Nxc5 Nxc5 23. Bxc5+ Kg8 24. Ng5 e5 25. Rd3 Bb2 26. Bxc6 Nxc6 27. Rb3
Bd4+ 28. Bxd4 exd4 29. Rxb7 Re8 30. Nxh7 Re2 31. Nf6+ Kf8 32. Rd7 1/2-1/2

[Event "52nd Groningen Open"]
[Site "Groningen NED"]
[Date "2014.12.28"]
[Round "7.23"]
[White "Warmerdam, Max"]
[Black "Van Foreest, Lucas"]
[Result "1/2-1/2"]
[WhiteElo "2123"]
[BlackElo "2319"]
[WhiteFideId "1048104"]
[BlackFideId "1039792"]
[EventDate "2014.12.21"]

1. e4 e5 2. Nf3 Nc6 3. Bb5 Nf6 4. O-O Nxe4 5. d4 Nd6 6. Bxc6 dxc6 7. dxe5 Nf5 8.
Qxd8+ Kxd8 9. Nc3 Bd7 10. h3 b6 11. b3 Kc8 12. Bb2 h5 13. Ne4 Be7 14. Nfg5 Be8
15. g4 hxg4 16. hxg4 Rh4 17. f3 Ne3 18. Rf2 c5 19. c4 Bc6 20. Bc1 Nxg4 21. fxg4
Rxg4+ 22. Kf1 Bxe4 23. Nxe4 Rxe4 24. Rxf7 Kd7 25. Rxg7 Rf8+ 26. Kg2 Re2+ 27. Kg3
Ke6 28. Bf4 Rh8 29. Kf3 Rc2 30. Rag1 Rh3+ 31. R7g3 Rxg3+ 32. Rxg3 Rxa2 33. Rg6+
Kf5 34. Rg7 Bh4 35. Rf7+ Ke6 36. Rxc7 Ra3 37. Ke4 Rxb3 38. Rc6+ Kd7 39. Rh6 Bd8
40. e6+ Kc6 41. e7+ Kd7 42. exd8=Q+ Kxd8 43. Kd5 Rd3+ 44. Kc6 Ke8 45. Be5 Kf7
46. Rh4 Ke6 47. Bh8 Ra3 48. Bg7 Ra4 49. Bf8 Kf5 50. Be7 Kg6 51. Bd8 Rb4 52. Rf4
Kg7 53. Bc7 Kg6 54. Rg4+ Kf5 55. Rf4+ Kg5 56. Re4 Kf5 57. Re5+ Kf6 58. Kd5 Rb1
59. Bd8+ Kg6 60. Ke6 Rd1 61. Rg5+ Kh6 62. Bf6 a5 63. Rg3 Kh5 64. Kf7 Rd7+ 65.
Be7 Rd4 66. Rg5+ Kh6 67. Rg3 Rf4+ 68. Bf6 Kh5 69. Rh3+ Kg4 70. Rh4+ Kf3 71.
Rxf4+ Kxf4 72. Ke6 Ke4 73. Bg7 a4 74. Bh8 a3 75. Bg7 a2 76. Bh8 Kd3 77. Kd5 b5
78. Kxc5 a1=B 79. Bxa1 bxc4 80. Be5 1/2-1/2

[Event "52nd Groningen Open"]
[Site "Groningen NED"]
[Date "2014.12.28"]
[Round "7.24"]
[White "Minko, Vladimir"]
[Black "Bulmaga, Irina"]
[Result "0-1"]
[WhiteTitle "FM"]
[BlackTitle "IM"]
[WhiteElo "2215"]
[BlackElo "2392"]
[WhiteFideId "24146706"]
[BlackFideId "13903063"]
[EventDate "2014.12.21"]

1. d4 Nf6 2. c4 e6 3. g3 c5 4. Nf3 cxd4 5. Nxd4 d5 6. Bg2 e5 7. Nb3 d4 8. O-O
Nc6 9. N1d2 Bd6 10. c5 Bc7 11. Ne4 Nxe4 12. Bxe4 Bh3 13. Re1 O-O 14. e3 f5 15.
Bxc6 bxc6 16. exd4 Qd5 17. f3 e4 18. f4 e3 19. Qc2 Bxf4 20. gxf4 Rf6 21. Rxe3
Rg6+ 22. Rg3 Qf3 23. Be3 Rxg3+ 24. hxg3 Qxg3+ 25. Kh1 Qxe3 26. Qc3 Qe4+ 0-1

[Event "52nd Groningen Open"]
[Site "Groningen NED"]
[Date "2014.12.28"]
[Round "7.25"]
[White "Edeling, Jeroen"]
[Black "Dijkhuis, Tycho"]
[Result "0-1"]
[BlackTitle "FM"]
[WhiteElo "2142"]
[BlackElo "2317"]
[WhiteFideId "1010514"]
[BlackFideId "1036564"]
[EventDate "2014.12.21"]

1. e4 c5 2. Nf3 Nc6 3. d3 g6 4. g3 Bg7 5. Bg2 Nf6 6. O-O d5 7. Nbd2 O-O 8. Re1
b6 9. c3 Bb7 10. e5 Ng4 11. d4 f6 12. exf6 Bxf6 13. h3 Nxf2 14. Kxf2 cxd4 15.
Kg1 dxc3 16. bxc3 Bxc3 17. Rb1 e5 18. Qb3 Bd4+ 19. Nxd4 Nxd4 20. Qd3 Qf6 21. Rf1
Qg5 22. Nb3 Rxf1+ 23. Bxf1 Ba6 24. Bxg5 Bxd3 25. Bxd3 Nf3+ 26. Kg2 Nxg5 27. Re1
Nf7 28. Rc1 Nd6 29. Rc7 Rc8 30. Rxa7 e4 31. Rd7 Nf5 32. Bb1 Ne3+ 33. Kh2 Rf8 34.
Bxe4 dxe4 35. Re7 Rf2+ 36. Kh1 Nf5 37. Kg1 Re2 38. g4 Nxe7 0-1

[Event "52nd Groningen Open"]
[Site "Groningen NED"]
[Date "2014.12.28"]
[Round "7.26"]
[White "Beerdsen, Thomas"]
[Black "Theulings, Paul-Peter"]
[Result "1-0"]
[WhiteTitle "FM"]
[BlackTitle "CM"]
[WhiteElo "2314"]
[BlackElo "2132"]
[WhiteFideId "1030108"]
[BlackFideId "1002899"]
[EventDate "2014.12.21"]

1. e4 Nf6 2. Nc3 e5 3. Nf3 Nc6 4. d4 exd4 5. Nxd4 Bb4 6. Nxc6 bxc6 7. Bd3 d5 8.
exd5 Qe7+ 9. Qe2 Nxd5 10. Qxe7+ Bxe7 11. Be4 Be6 12. O-O O-O 13. Ne2 Rab8 14.
Nd4 Bd7 15. c4 Bf6 16. Nxc6 Bxc6 17. cxd5 Bb5 18. Re1 Bc4 19. Rb1 Rfe8 20. Bf4
Rbc8 21. b3 Rxe4 22. Rxe4 Bd3 23. Rbe1 Bxe4 24. Rxe4 g5 25. Bxg5 Bxg5 26. Rg4 f6
27. h4 h6 28. hxg5 hxg5 29. Ra4 Rd8 30. Rxa7 Rxd5 31. Rxc7 Rd1+ 32. Kh2 Rd2 33.
a4 Rxf2 34. a5 Ra2 35. b4 Ra3 36. b5 1-0

[Event "52nd Groningen Open"]
[Site "Groningen NED"]
[Date "2014.12.28"]
[Round "7.27"]
[White "Schoehuijs, Erik"]
[Black "Wacker, Peter"]
[Result "0-1"]
[BlackTitle "FM"]
[WhiteElo "2125"]
[BlackElo "2305"]
[WhiteFideId "1004425"]
[BlackFideId "4615751"]
[EventDate "2014.12.21"]

1. d4 f5 2. g3 Nf6 3. Bg2 g6 4. c4 Bg7 5. Nf3 O-O 6. Nc3 d6 7. O-O c6 8. b3 Na6
9. Bb2 Qe8 10. d5 Bd7 11. Qd2 Rd8 12. Nd4 Nc7 13. Rae1 e5 14. dxe6 Nxe6 15. Nxe6
Bxe6 16. e4 Qf7 17. exf5 gxf5 18. Qe3 Rfe8 19. Qxa7 Ng4 20. f4 Ra8 21. Qb6 Ra6
22. Qb4 Bd4+ 23. Kh1 Bc5 0-1

[Event "52nd Groningen Open"]
[Site "Groningen NED"]
[Date "2014.12.28"]
[Round "7.28"]
[White "Lomasov, Semen"]
[Black "Stegariu, Alexandru"]
[Result "1-0"]
[WhiteElo "2305"]
[BlackElo "2156"]
[WhiteFideId "24164879"]
[BlackFideId "1218042"]
[EventDate "2014.12.21"]

1. e4 Nc6 2. Nf3 d6 3. d4 Nf6 4. Nc3 g6 5. Be3 Bg7 6. Qd2 O-O 7. Bh6 e5 8. Bxg7
Kxg7 9. d5 Nb8 10. O-O-O Bg4 11. Be2 Bxf3 12. Bxf3 a6 13. h4 h5 14. Rdg1 Nbd7
15. g4 hxg4 16. Bxg4 Nxg4 17. Rxg4 Nf6 18. Rgg1 Nh5 19. Ne2 Qf6 20. Qe3 Rh8 21.
Rg4 Rh7 22. Kb1 b6 23. Rf1 Rah8 24. f4 exf4 25. Nxf4 Kg8 26. Qe2 Qe7 27. Qxa6
Nf6 28. Nxg6 fxg6 29. Rxg6+ Kf7 30. Rfxf6+ Qxf6 31. Rxf6+ Kxf6 32. a4 Rxh4 33.
Qc4 Rc8 34. Qd4+ Kg5 35. Qg7+ Kf4 36. Qf6+ Kg3 37. Qf5 Ra8 38. b3 Rf4 39. Qd7
Ra7 40. e5 dxe5 41. d6 e4 42. dxc7 Rxc7 43. Qxc7 e3 44. Kc1 1-0

[Event "52nd Groningen Open"]
[Site "Groningen NED"]
[Date "2014.12.28"]
[Round "7.29"]
[White "Afek, Yochanan"]
[Black "Ebralidze, Alexandre"]
[Result "1-0"]
[WhiteTitle "IM"]
[WhiteElo "2285"]
[BlackElo "2128"]
[WhiteFideId "2800462"]
[BlackFideId "13604660"]
[EventDate "2014.12.21"]

1. e4 c6 2. d4 d5 3. exd5 cxd5 4. Bf4 Nc6 5. c3 Bf5 6. Nf3 e6 7. Qb3 Qc8 8. Na3
a6 9. Nc2 Be7 10. Ne3 Be4 11. Be2 Nf6 12. h4 h6 13. Ne5 Nxe5 14. Bxe5 O-O 15. f3
Bh7 16. g4 Nd7 17. Bg3 b5 18. Kf2 Nb6 19. g5 hxg5 20. hxg5 Bxg5 21. Rag1 Nc4 22.
Nxc4 bxc4 23. Qd1 Qd8 24. Qf1 Bf5 25. Qg2 Bg6 26. Qh3 f6 27. Qxe6+ Rf7 28. f4
Be4 29. fxg5 fxg5+ 30. Ke1 Bxh1 31. Bh5 Qf6 32. Bxf7+ Qxf7 33. Qxf7+ Kxf7 34.
Rxh1 1-0

[Event "52nd Groningen Open"]
[Site "Groningen NED"]
[Date "2014.12.28"]
[Round "7.30"]
[White "Boersma, Jan"]
[Black "Salov, Sergej"]
[Result "1-0"]
[BlackTitle "IM"]
[WhiteElo "2119"]
[BlackElo "2256"]
[WhiteFideId "1003267"]
[BlackFideId "4107926"]
[EventDate "2014.12.21"]

1. e4 c5 2. a3 e6 3. b4 b6 4. Nf3 Bb7 5. bxc5 bxc5 6. Nc3 Nc6 7. Bc4 d6 8. O-O
Nf6 9. Rb1 Rb8 10. d4 cxd4 11. Nxd4 Ne5 12. Bb5+ Ned7 13. f4 Qc7 14. Qe1 a6 15.
Ba4 Rd8 16. f5 e5 17. Ne6 fxe6 18. fxe6 Bc6 19. exd7+ Rxd7 20. Bb3 d5 21. exd5
Nxd5 22. Ne4 Rf7 23. Rxf7 Qxf7 24. Qg3 Qf5 25. Qd3 Qd7 26. Bb2 Qa7+ 27. Kh1 Nf4
28. Qc4 Qb7 29. Re1 Bd5 30. Qc3 Ng6 31. Bxd5 Qxd5 32. Qc8+ Kf7 33. c4 Qd3 34.
Qf5+ Ke7 35. Bxe5 Kd8 36. Bg3 Be7 37. Qa5+ Ke8 38. Qxa6 Kf7 39. Ng5+ Kf8 40.
Qc8+ Bd8 41. Qe6 1-0

[Event "52nd Groningen Open"]
[Site "Groningen NED"]
[Date "2014.12.28"]
[Round "7.31"]
[White "Lyell, Mark"]
[Black "De Groot, Hendrik"]
[Result "1-0"]
[WhiteTitle "FM"]
[WhiteElo "2236"]
[BlackElo "2097"]
[WhiteFideId "402354"]
[BlackFideId "1037021"]
[EventDate "2014.12.21"]

1. e4 d6 2. d4 Nf6 3. Nc3 g6 4. Nf3 Bg7 5. h3 O-O 6. Be3 a6 7. a4 d5 8. e5 Ne4
9. Bd3 Nxc3 10. bxc3 c5 11. dxc5 Nd7 12. O-O Nxe5 13. Nxe5 Bxe5 14. Bd4 Bg7 15.
f4 Qc7 16. Qf3 Rd8 17. Rae1 f6 18. h4 e6 19. h5 f5 20. Re3 g5 21. Bxg7 Qxg7 22.
fxg5 Qxg5 23. Qf2 Kf7 24. c4 d4 25. Rg3 Qf6 26. Be4 Rb8 27. h6 Qxh6 28. Rh3 Qg7
29. Qf4 Bd7 30. Qc7 Kf8 31. Qd6+ Kf7 32. Rxf5+ exf5 33. Bd5+ Ke8 34. Rg3 Qxg3
35. Qxg3 Bxa4 36. Qg7 Rxd5 37. cxd5 Rd8 38. Qe5+ 1-0

[Event "52nd Groningen Open"]
[Site "Groningen NED"]
[Date "2014.12.28"]
[Round "7.32"]
[White "Benson, Oisin P."]
[Black "Maatman, Nick"]
[Result "0-1"]
[WhiteElo "2010"]
[BlackElo "2226"]
[WhiteFideId "2501821"]
[BlackFideId "1040391"]
[EventDate "2014.12.21"]

1. d4 d5 2. c4 c6 3. Nf3 Nf6 4. e3 Bg4 5. Nc3 e6 6. h3 Bh5 7. g4 Bg6 8. Ne5 Nbd7
9. h4 dxc4 10. Nxg6 hxg6 11. Bxc4 Nd5 12. h5 gxh5 13. gxh5 N7f6 14. Qf3 Nxc3 15.
bxc3 Qa5 16. Bd2 Rxh5 17. e4 Rxh1+ 18. Qxh1 O-O-O 19. f3 c5 20. Rb1 Qc7 21. Qf1
cxd4 22. cxd4 Rxd4 23. Ba6 Bb4 24. Rxb4 Rxb4 25. Bxb4 Qc1+ 26. Ke2 Qxf1+ 27.
Kxf1 bxa6 28. Bc3 Kb7 29. Ke2 Kc6 30. Kd3 Kb5 31. Bb2 Kb4 32. f4 a5 33. Ke3 Kc4
34. Bd4 Ng4+ 0-1

[Event "52nd Groningen Open"]
[Site "Groningen NED"]
[Date "2014.12.28"]
[Round "7.33"]
[White "Schoppen, Casper"]
[Black "De Jong, Migchiel"]
[Result "0-1"]
[BlackTitle "IM"]
[WhiteElo "1927"]
[BlackElo "2320"]
[WhiteFideId "1046730"]
[BlackFideId "1002848"]
[EventDate "2014.12.21"]

1. d4 e6 2. c4 Bb4+ 3. Bd2 a5 4. Nf3 d6 5. e4 Nd7 6. Nc3 e5 7. a3 Bxc3 8. bxc3
Ngf6 9. Bd3 O-O 10. O-O Re8 11. Qc2 Nf8 12. h3 Ng6 13. Kh2 b6 14. Rae1 Bb7 15.
Re2 h6 16. g3 Re7 17. Ng1 Qe8 18. Rfe1 Nh5 19. f3 Qc6 20. Rf2 Rae8 21. f4 exf4
22. gxf4 f5 23. d5 Qc5 24. Be3 Qxa3 25. Rff1 a4 26. Qd2 Rxe4 27. Bxe4 Rxe4 28.
Bd4 Rxe1 29. Rxe1 Qb3 30. Qg2 Nhxf4 31. Qg3 Qxc4 32. Nf3 Qxd5 33. Nh4 Qa2+ 34.
Kg1 Nxh3+ 35. Qxh3 Nxh4 36. Qg3 Nf3+ 0-1

[Event "52nd Groningen Open"]
[Site "Groningen NED"]
[Date "2014.12.28"]
[Round "7.34"]
[White "Ratsma, Rosa"]
[Black "Senders, Mischa"]
[Result "1/2-1/2"]
[BlackTitle "FM"]
[WhiteElo "2165"]
[BlackElo "2380"]
[WhiteFideId "1033662"]
[BlackFideId "1038370"]
[EventDate "2014.12.21"]

1. e4 c5 2. Nf3 e6 3. d4 cxd4 4. Nxd4 Nc6 5. c4 Nf6 6. Nc3 Bb4 7. Nxc6 bxc6 8.
Bd3 e5 9. O-O O-O 10. Bd2 Be7 11. Re1 d6 12. Na4 Be6 13. Rc1 Nd7 14. b4 Kh8 15.
Be3 g6 16. g3 f5 17. exf5 gxf5 18. f4 e4 19. Bc2 Nf6 20. Bb3 Qc7 21. a3 c5 22.
Nc3 Ng4 23. Nd5 Bxd5 24. Qxd5 Nxe3 25. Rxe3 cxb4 26. axb4 a5 27. b5 Qa7 28. Qd2
a4 29. Ba2 a3 30. Kg2 Qc5 31. Rd1 Bf6 32. Re2 Rfd8 1/2-1/2

[Event "52nd Groningen Open"]
[Site "Groningen NED"]
[Date "2014.12.28"]
[Round "7.35"]
[White "Chen, Yibo"]
[Black "Kevlishvili, Robby"]
[Result "0-1"]
[BlackTitle "FM"]
[WhiteElo "2156"]
[BlackElo "2366"]
[WhiteFideId "8605815"]
[BlackFideId "1040634"]
[EventDate "2014.12.21"]

1. d4 d5 2. c4 c6 3. Nc3 Nf6 4. Nf3 e6 5. Bg5 h6 6. Bh4 dxc4 7. e4 g5 8. Bg3 b5
9. Qc2 Bb7 10. Be2 Nbd7 11. O-O a6 12. Rad1 Be7 13. Ne5 Qb6 14. Nxd7 Nxd7 15. d5
O-O-O 16. dxc6 Bxc6 17. b3 cxb3 18. Qxb3 Kb7 19. a4 Nc5 20. Qa2 Nxe4 21. Nxe4
Bxe4 22. axb5 axb5 23. Rc1 Rc8 24. Qb2 Rxc1 25. Rxc1 Rc8 26. Rxc8 Kxc8 27. Qxb5
Qxb5 28. Bxb5 f6 29. h4 e5 30. hxg5 hxg5 31. f3 Bd5 32. Bf2 Kc7 33. Bd3 Kd6 34.
Bf5 Bd8 35. Be3 Ba5 36. Kf2 Bc3 37. g3 Be6 38. Bxe6 Kxe6 39. Ke2 Kd5 40. Kd3 Bd4
41. Bd2 g4 42. fxg4 Bf2 43. g5 f5 44. g6 Ke6 45. Bg5 e4+ 46. Ke2 Bxg3 47. Ke3
Be5 48. Bd8 Bf6 49. Ba5 Bg5+ 50. Ke2 Kf6 51. Bb6 Kxg6 52. Bc5 f4 53. Kf2 Kf5 54.
Bb6 Kg4 55. Kg2 e3 56. Kf1 Kf3 0-1

[Event "52nd Groningen Open"]
[Site "Groningen NED"]
[Date "2014.12.28"]
[Round "7.36"]
[White "Kolbus, Dietmar"]
[Black "Bar, Aviv"]
[Result "1/2-1/2"]
[WhiteTitle "IM"]
[WhiteElo "2317"]
[BlackElo "2142"]
[WhiteFideId "4610628"]
[BlackFideId "2806339"]
[EventDate "2014.12.21"]

1. c4 c6 2. Nf3 d5 3. b3 Nf6 4. Bb2 Bf5 5. g3 e6 6. Bg2 Nbd7 7. O-O Bd6 8. d3
Qe7 9. Nc3 O-O 10. Re1 Bg4 11. Qc2 Bxf3 12. exf3 Ba3 13. f4 Bxb2 14. Qxb2 Qd6
15. Rad1 Rfe8 16. d4 Qc7 17. Rc1 dxc4 18. bxc4 Qb6 19. Qd2 Qa5 20. Qc2 Nb6 21.
Qb3 Rab8 22. Re5 Qa6 23. Bf1 Nbd7 24. Re3 Qb6 25. Rd1 Red8 26. Red3 Qa5 27. Qb2
Nb6 28. Qb3 Nbd7 29. R1d2 g6 30. Rd1 b5 31. c5 b4 32. Na4 Nd5 33. Bg2 N7f6 34.
Bf3 Qc7 35. Re1 a5 36. Qc4 Rd7 37. Kg2 Kg7 38. Rb1 Rdd8 39. Rb2 Qb7 40. Rdd2 Qb5
41. Qb3 Qb7 42. Rbc2 Qc7 43. Rd1 Rd7 44. Rcd2 Qb7 1/2-1/2

[Event "52nd Groningen Open"]
[Site "Groningen NED"]
[Date "2014.12.28"]
[Round "7.37"]
[White "Henseler, Jorgen"]
[Black "Offringa, Joost"]
[Result "1/2-1/2"]
[WhiteElo "2110"]
[BlackElo "2226"]
[WhiteFideId "1023233"]
[BlackFideId "1025880"]
[EventDate "2014.12.21"]

1. d4 f5 2. g3 Nf6 3. Bg2 g6 4. c4 Bg7 5. Nc3 O-O 6. Nf3 d6 7. O-O c6 8. Rb1 Na6
9. d5 Bd7 10. Be3 Nc7 11. Qb3 e6 12. dxe6 Nxe6 13. Rbd1 Qc7 14. Qa3 Ne8 15. Ng5
Nxg5 16. Bxg5 Be6 17. c5 dxc5 18. Qxc5 Rf7 19. Rd2 Rd7 20. Rxd7 Qxd7 21. Rd1 Qf7
22. b3 Nf6 23. Qe3 h6 24. Bf4 g5 25. Bd6 Ng4 26. Qc1 Rd8 27. h3 Nf6 28. Be5
Rxd1+ 29. Qxd1 Qd7 30. Qxd7 Nxd7 31. Bxg7 Kxg7 32. Kf1 Kf6 33. Ke1 Ke5 34. Kd2
Nf6 35. Kd3 Kd6 36. e3 Kc5 37. Na4+ Kb4 38. Kd4 Nd7 39. Nc3 a5 40. f4 Ka3 41.
fxg5 hxg5 42. h4 gxh4 43. gxh4 1/2-1/2

[Event "52nd Groningen Open"]
[Site "Groningen NED"]
[Date "2014.12.28"]
[Round "7.38"]
[White "Gerlagh, Joris"]
[Black "Al-Hajiri, Bader"]
[Result "1/2-1/2"]
[BlackTitle "CM"]
[WhiteElo "2193"]
[BlackElo "2139"]
[WhiteFideId "1038834"]
[BlackFideId "10300163"]
[EventDate "2014.12.21"]

1. d4 d5 2. c4 c6 3. Nf3 Nf6 4. g3 Bf5 5. Bg2 e6 6. O-O dxc4 7. Nbd2 c3 8. bxc3
h6 9. Nc4 Nbd7 10. Qb3 b5 11. Ncd2 Rc8 12. a4 Qb6 13. Ba3 Ne4 14. Bxf8 Nxf8 15.
Nxe4 Bxe4 16. Ne5 Bxg2 17. Kxg2 Nd7 18. Nxd7 Kxd7 19. Rfb1 a6 20. c4 Rb8 21.
axb5 axb5 22. d5 cxd5 23. cxd5 Rhc8 24. Rd1 Rc4 25. Qf3 Ke8 26. Ra3 Rc7 27. Re3
Re7 28. Qe4 Qb7 29. Qh7 f6 30. Rxe6 Kf7 31. Qf5 Rxe6 32. Qxe6+ Kf8 33. e4 Qe7
34. Qf5 b4 35. d6 Qe5 36. Qf3 b3 37. d7 Ke7 38. Qxb3 Qxe4+ 39. Qf3 Qxf3+ 40.
Kxf3 Rd8 41. Kf4 Rxd7 42. Rxd7+ Kxd7 43. Kf5 Ke7 44. Kg6 Kf8 45. h4 Kg8 46. Kf5
Kf7 47. h5 Kg8 48. Ke6 Kh7 49. Kf7 Kh8 1/2-1/2

[Event "52nd Groningen Open"]
[Site "Groningen NED"]
[Date "2014.12.28"]
[Round "7.39"]
[White "Heemskerk, Wim"]
[Black "Sparenberg, Erik"]
[Result "1/2-1/2"]
[WhiteTitle "FM"]
[WhiteElo "2169"]
[BlackElo "2105"]
[WhiteFideId "1001000"]
[BlackFideId "1013262"]
[EventDate "2014.12.21"]

1. c4 Nf6 2. Nc3 g6 3. g3 Bg7 4. Bg2 O-O 5. e4 d6 6. Nge2 e5 7. O-O Nc6 8. d3
Be6 9. Nd5 Qd7 10. Bg5 Ne8 11. Qd2 f6 12. Be3 f5 13. exf5 Bxf5 14. b4 Bh3 15.
Rae1 Bxg2 16. Kxg2 Nf6 17. Nec3 Nxd5 18. Nxd5 Rae8 19. b5 1/2-1/2